| 000 | 00681nam a2200181Ia 4500 | ||
|---|---|---|---|
| 008 | 090630s9999 xx 000 0 und d | ||
| 082 | _b24271 | ||
| 100 | _aलवटे सुनीलकुमार. | ||
| 245 |
_aखाली जमीन वर आकाश. _cलवटे सुनीलकुमार. |
||
| 260 | _bमेहता पब्लिश हाऊस. | ||
| 300 | _a0 | ||
| 600 | _aलवटे सुनीलकुमार. | ||
| 630 | _aखाली जमीन वर आकाश. | ||
| 655 | _aइतर. | ||
| 700 | _aलवटे सुनीलकुमार. | ||
| 730 | _aखाली जमीन वर आकाश. | ||
| 942 | _cBOOK | ||
| 999 |
_c276127 _d276127 |
||